000 00336nam a22001457a 4500
008 230207b ||||| |||| 00| 0 eng d
020 _a97805371605
041 _aeng
080 _2FIFTH EDITION
_a573
082 _a573CAM
100 _a16
101 _aBIO
245 _aBIOLOGY CONCEPTS CONNECTIONS
_cCAMPBELL.A.N
942 _2udc
_cBK
999 _c59327
_d59327